| 000 | 02310ncm a2200361 i 4500 | ||
|---|---|---|---|
| 001 | 192776 | ||
| 003 | SpMaBN | ||
| 005 | 20250824011404.0 | ||
| 007 | qu | ||
| 008 | 230522q2021 sp zad n spa | ||
| 017 |
_aCO 483-2021 _bOficina Depósito Legal Córdoba |
||
| 020 | _a9798782076603 | ||
| 040 |
_aSpMaBN _bspa _cES-MaACL _erda |
||
| 100 | 1 |
_aHorcas Gálvez, Fernando _eaut _9193640 |
|
| 245 | 1 | 0 |
_aCipriano Martínez Rücker desconocido / _cFernando Horcas Gálvez |
| 250 | _a2ª edición ampliada de "Descrubrir a C.M.R." | ||
| 264 | 1 |
_a[Córdoba] : _bAsociación Cordobeses por el Mundo, _c[2021] |
|
| 300 |
_a417 páginas : _bmúsica ; _c30 cm |
||
| 336 |
_aMúsica notada _2rdacontent |
||
| 337 |
_asin mediación _2rdamedia |
||
| 338 |
_avolumen _2rdacarrier |
||
| 348 | _apartitura vocal | ||
| 382 | 0 | 1 |
_avoz _apiano _2tmibne |
| 500 | _aÍndice | ||
| 520 | _a"Del ilustre músico cordobés Cipriano Martínez Rücker se han editado muchas de sus partituras. Otras se conocen más o menos. Pero en el archivo del Centro Filarmónico de Córdoba Eduardo Lucena” tenemos otras que se daban por perdidas y otras más de las que no se sabía ni su existencia. Aquí las traemos tratando de explicar lo inexplicable. Las fechas y el lugar en que el músico las componía son pistas muy valiosas. Se añaden ambientaciones imaginarias de algunas de ellas y de la vida del hombre trabajador incansable y tímido, que tanto hizo por la música y por la cultura de su Córdoba natal, y por el Conservatorio que fundó y dirigió. En 2022 hace 100 años que el Estado reconoció oficialmente las enseñanzas de ese Conservatorio de Córdoba. Ojalá que esta publicación contribuya a rescatar el aprecio que se merece. Al mismo tiempo hemos querido dibujar su carácter, su bondad, su laboriosidad, su romanticismo. Pero esto no termina aquí. Se deja una puerta abierta a nuevos descubrimientos y a nuevos datos de interés que tú, lector o músico, puedas aportar" | ||
| 600 | 1 | 4 |
_9193636 _aMartínez Rücker, Cipriano, _d1861-1924 |
| 655 | 0 |
_aZarzuelas _9193637 |
|
| 655 | 0 |
_aPartituras vocales _9193638 |
|
| 852 |
_aES-MaACL _bR. 153289 _cDEPOJ _hDonación: Editorial _jN-8369 |
||
| 942 |
_2udc _cPARTITURA _n0 |
||
| 999 |
_c192776 _d192776 |
||